00501nam a22001577a 4500010001300000020002600013035001300039037001800052082001000070100002400080245010400104260003300208270005300241300002700294700002200321 aB-731153 a9788129145123c195.00 aB-731153 adplbDBAD/Pub a574.5 aVachharajani, Bijal aSo you want to know about the environment/cby Bijal Vachharajani ; illustrated by Sayan Mukherjee  aNew Delhi bRed Turtlec2017 a7/16, Ansari Road, DaryaganjbNew Delhi e110002 a170p.c19cm(pbk)bill. aMukherjee, Sayan